000 00482nam a2200181Ia 4500
008 230711s9999||||xx |||||||||||||| ||und||
020 _a978-81-265-5736-3
041 _aENG
082 _a621.31
_bBE-S
100 _aBerger,Lars T
245 0 _aSmart Grid : Applications, Communications and Security
250 _a1st Ed.
260 _c2015
_aNew Delhi
_bWiley India Pvt.Ltd
300 _a464p.
650 _aElectrical Engineering
700 _aIniewski,Krzysztof
942 _cBK
999 _c6583
_d6583